| 000 | 02605nam0a2200373 4500 | ||
|---|---|---|---|
| 001 | RU\NLR\bibl\1754452 | ||
| 005 | 20260405220349.0 | ||
| 010 |
_a978-5-902665-65-6 _91000 |
||
| 021 |
_aRU _b2011-17946 _91272 |
||
| 035 | _a(NLR Aleph) 001745294 | ||
| 090 |
_a1484869 _c1484869 |
||
| 100 | _a20110404d2011 |||y0rusy50 ca | ||
| 101 | 0 | _arus | |
| 102 | _aRU | ||
| 105 | _aa ||||||||| | ||
| 200 | 1 |
_aГидрогенераторы давления для интенсификации добычи нефти _eучебное пособие для студентов высших учебных заведений по специальностям 130602 "Машины и оборудование нефтяных и газовых промыслов" направления подготовки дипломированных специалистов, 130600 "Оборудование и агрегаты нефтегазового производства", 130503 "Разработка и эксплуатация нефтяных и газовых месторождений" направления подготовки дипломированных специалистов 130500 "Нефтегазовое дело" _fИ.Ю. Быков, А.А. Попов |
|
| 210 |
_aМосква _cЦентрЛитНефтеГаз _d2011 |
||
| 215 |
_a246 с. _cил. _d21 |
||
| 225 | 1 | _aВысшее нефтегазовое образование | |
| 300 | _aНа 4-й с. обл. авт.: Быков И.Ю., д.т.н., проф., акад. РАЕН, Попов А.А., к.т.н. | ||
| 320 | _aБиблиогр.: с. 236-246 (157 назв.) | ||
| 606 | 1 |
_aНефтяные скважины _jУчебные издания для высших учебных заведений _xПризабойная зона _xЭлектрогидравлическая обработка _91739538 _3RU\NLR\auth\66778275 |
|
| 606 | 1 |
_aГидрогенераторы _jУчебные издания для высших учебных заведений _9894676 _3RU\NLR\auth\66324242 |
|
| 686 | _aИ361.73я73-1 | ||
| 700 | 1 |
_4070 _7ca _8rus _aБыков _bИ. Ю. _cд-р техн. наук _f1939- _gИгорь Юрьевич _914921 _3RU\NLR\auth\7731911 |
|
| 701 | 1 |
_4070 _7ca _8rus _aПопов _bА. А. _cканд. техн. наук, нефтедобыча _gАнатолий Александрович _981693 _3RU\NLR\AUTH\7798767 |
|
| 801 | 0 |
_aRU _bNLR _c20110404 _gRCR |
|
| 801 | 1 |
_aRU _bNLR _c20110404 |
|
| 830 | _aавт. по кн. | ||
| 942 | _cBOOK | ||
| 980 | _aNB | ||
| 980 | _aNBR | ||